| 000 | 00825nam a2200217Ia 4500 | ||
|---|---|---|---|
| 999 |
_c37988 _d37988 |
||
| 001 | 3972 | ||
| 003 | GE_BSU | ||
| 005 | 20190830162730.0 | ||
| 008 | 181216s1985||||ge |||||||||||||| ||geo|| | ||
| 040 | _cGE_BSU | ||
| 041 | _ageo | ||
| 080 | _a37.014 გ–96 | ||
| 100 |
_aგურგენიძე, დ. _92207 |
||
| 245 |
_aა.ს.მაკარენკოს საოჯახო აღზრდის თეორია და თანამედროვეობა / _cრედ. ლ. კაკიაშვილი. |
||
| 264 |
_a თბ. : _bგანათლება, _c1985. |
||
| 300 |
_a90 გვ. ; _b20 სმ. |
||
| 600 |
_aმაკარენკო ა.ს. _93840 |
||
| 653 | _aმაკარენკო, ა.ს. | ||
| 653 | _aსაოჯახო აღზრდა | ||
| 942 |
_cBK _2udc |
||